000
00248nam a2200097 a 4500
005
20140414132034.0
008
110315s19uu xx 00 eng d
050
_a
TR
_b
SN6 1990
245
_a
Disney : Snow White and the seven dwarfs.
999
_c
113674
_d
113674